| 000 | 00422nam a22001577a 4500 | ||
|---|---|---|---|
| 003 | macl | ||
| 005 | 20240204155821.0 | ||
| 008 | 240204b |||||||| |||| 00| 0 eng d | ||
| 040 | _cmacl | ||
| 082 | _a891.433/HOO/N | ||
| 100 |
_aकोलीन हूवर _982294 |
||
| 245 | _aइट एंडस विद अस | ||
| 260 |
_aDelhi _bSimon schuster _c2023 |
||
| 650 | _aउपन्यास | ||
| 942 |
_2ddc _cHIN |
||
| 999 |
_c66754 _d66754 |
||